000 02159nam a2200373 a 4500
001 000015413
003 DO-SdBNP
005 20250219134730.0
007 ta
008 100208s2008 dr r 000 j spa d
020 _a9789945861396
040 _aDO-SdBNP
_bspa
_cBNPHU
_erda
082 4 _aRD863.08
_bC691
_222
245 0 0 _aCuentos /
_ccompilación, Julio Postigo ; introducción, Diógenes Céspedes.
264 1 _aSanto Domingo :
_bBanco de Reservas de la República Dominicana:
_bEditora Sociedad Dominicana de Bibliófilos,
_c2008.
300 _avolumen ;
_c27 cm.
336 _atexto
_btxt
_2rdacontent
337 _asin mediación
_bn
_2rdamedia
338 _avolumen
_bnc
_2rdacarrier
490 1 _aPensamiento dominicano
_v2
500 _aRendición completa de la Colección Pensamiento Dominicano publicada entre 1949 y 1980.
500 _aIncluye referencias bibliográficas y notas al pie de las páginas
505 1 _tPresentación.
_tOrigen de la colección Pensamiento Dominicano y criterios de reedición /
_rDaniel Toribio --
_tExordio /
_rMariano Mella --
_tIntrodución a la primera sección /
_rDiógenes Céspedes --
_tEl cuento en Santo Domingo ;
_tSelección Antológica /
_rSócrates Nolasco --
_tJ. M. Sanz Lajara: el candado /
_rManuel Valdeperes --
_tCuentos escritos en el exilio y apuntes sobre el arte de escribir cuentos /
_rJuan Bosch --
_tIntroducción a la segunda sección /
_rDiógenes Céspedes --
_tCuentos de política criolla /
_rEmilio Rodríguez Demorizi --
_tMás cuentos escritos en el exilio /
_rJuan Bosch --
_tCrónicas de altocerro ;
_tCuentos /
_rVirgilio Díaz Grullón --
_tTradiciones y cuentos dominicanos /
_rEmilio Rodríguez Demorizi.
590 _aInventariado, 2019 / DG
650 4 _aCuentos dominicanos
_xColecciones
_9503
650 4 _aAutores dominicanos
_xSiglo xix
_923683
650 4 _aAutores dominicanos
_xSiglo XX
_934801
650 0 _aLiteratura dominicana.
_967
700 1 _aPostigo, Julio,
_ecompilador
_4comp.
_934802
700 1 _aCéspedes, Diógenes,
_d1941-
_920548
710 2 _aSociedad Dominicana de Bibliófilos
_934803
910 _aValidado. Control de calidad MMOLINA
942 _2ddc
_cLBS1
999 _c14972
_d14972